[Event "IECC CL6-2003.28 email"]
[Site "IECC email"]
[Date "2003.12.03"]
[Round "?"]
[White "Reza, Mohammad"]
[Black "Pleijsier, Hans"]
[Result "1/2-1/2"]
[WhiteElo "1209"]
[BlackElo "1314"]
[PlyCount "64"]
[EventDate "2003.??.??"]
[EventType "tourn (corr)"]
[EventRounds "4"]
[SourceTitle "Corr 2008"]
[Source "ChessBase"]
[SourceDate "2008.06.24"]
[SourceVersion "1"]
[SourceVersionDate "2008.06.24"]
[SourceQuality "1"]

1. e4 e5 2. Nf3 Nc6 3. Bc4 Bc5 4. d3 Nf6 5. a3 d6 6. Nc3 Bg4 7. Na4 Bxf3 8. Qxf3 Nd4 9. Qd1 0-0 10. Nxc5 dxc5 11. f4 Re8 12. fxe5 Nd7 13. e6 Nxe6 14. 0-0 Ne5 15. Ba2 Qd4+ 16. Kh1 Rad8 17. Qe2 c4 18. Be3 cxd3 19. cxd3 Qxd3 20. Qxd3 Nxd3 21. Rad1 b6 22. Bd5 Nxb2 23. Rd2 Na4 24. Bc6 Rxd2 25. Bxe8 Rd3 26. Bxf7+ Kf8 27. Bg5 Nxg5 28. Bc4+ Ke7 29. Bxd3 Nc5 30. Bc2 Ke6 31. Rf4 h6 32. h4 Nf7 1/2-1/2